Decarbonising the private housing sector (Record no. 121386)
[ view plain ]
| 000 -LEADER | |
|---|---|
| fixed length control field | 01450nam a22001937a 4500 |
| 008 - FIXED-LENGTH DATA ELEMENTS--GENERAL INFORMATION | |
| fixed length control field | 230302s2023 xxk||||| |||| 00| 0 eng d |
| 041 ## - LANGUAGE CODE | |
| Language code of text/sound track or separate title | eng |
| 245 ## - TITLE STATEMENT | |
| Title | Decarbonising the private housing sector |
| 260 ## - PUBLICATION INFORMATION | |
| Place of publication | Cardiff, |
| Publisher | Welsh Parliament Climate Change, Environment, and Infrastructure Committee, |
| Date | February 2023 |
| 300 ## - PHYSICAL DESCRIPTION | |
| Physical description | 63p. |
| 520 ## - ABSTRACT | |
| Abstract | A Climate Change, Environment, and Infrastructure Committee report on decarbonising the private housing sector recommends: the Welsh Government provides clearer and stronger strategic direction to the industry and other actors to help drive progress towards decarbonising homes; if the Minister does not intend to develop and publish a comprehensive housing decarbonisation strategy, she should explain the change in position; the delivery plan for housing decarbonisation must include key milestones and interim targets for the privately owned sector; and the minister must publish an interim report on findings of the Optimised Retrofit Programme to date. The Committee argues that council tax and land transaction tax should be part of a package of incentives to get homeowners to make their properties more energy efficient. |
| 650 ## - KEYWORDS | |
| Keywords | DECARBONISATION |
| 650 ## - KEYWORDS | |
| Keywords | RESIDENTIAL PROPERTY |
| 651 ## - SUBJECT ADDED ENTRY--GEOGRAPHIC NAME | |
| Geographic name | Wales |
| 690 ## - BROAD SUBJECT | |
| 9 (RLIN) | 6238 |
| Broad subject | Environment |
| 710 2# - ADDED CORPORATE NAME | |
| Added corporate author | Welsh Government |
| 856 ## - ONLINE RESOURCE | |
| Uniform Resource Identifier | <a href="https://senedd.wales/media/q3vcgmmp/cr-ld15695-e.pdf">https://senedd.wales/media/q3vcgmmp/cr-ld15695-e.pdf</a> |
| Public note | Available on senedd.wales |
| 942 ## - ADDED ENTRY ELEMENTS (KOHA) | |
| Suppress in OPAC | Do not suppress in OPAC |
| Lost status | Damaged status | Not for loan | Home library | Current library | Shelving location | Date acquired | Total Checkouts | Date last seen | Price effective from | Koha item type |
|---|---|---|---|---|---|---|---|---|---|---|
| Virtual | Virtual | Online | 02/03/2023 | 02/03/2023 | 02/03/2023 | Online material |